Ne yamandır Diyarbaır elleri (Record no. 2238)
[ view plain ]
| 000 -BAŞLIK | |
|---|---|
| Sabit Uzunlukta Kontrol Alanı | 00617na a2200229 4500 |
| 001 - KONTROL NUMARASI | |
| Denetim Alanı | 18254 |
| 003 - KONTROL NUMARASI IDENTIFIER | |
| Denetim Alanı | MIRAKIL |
| 005 - SON İŞLEM TARİHİ VE ZAMANI | |
| Denetim Alanı | 20181213154850.0 |
| 008 - SABİT-BOY VERİ ELEMANLARI - GENEL BİLGİLER | |
| Sabit Uzunlukta Kontrol Alanı | 161115b tu 000 0 |
| 040 ## - KATALOGLAMA KAYNAK | |
| Orijinal Kataloglama Ajansı | Milas |
| Kataloglama Dili | tur |
| Metne Dönüştürmek Ajansı | TR-AnCHP |
| 041 ## - DİL KODU | |
| Metin / Ses Parça Veya Ayrı Başlığın Dil Kodu | tur |
| 082 ## - DEWEY ONLU SINIFLANDIRMA NUMARASI | |
| Sınıflandırma Numarası | 956.6 |
| Ürün Numarası | Y66 1998 |
| 090 ## - SINIFLAMA NUMARASI | |
| Sınıflama Numarası | 956.6 Y66 1998 |
| 100 ## - ANA GİRİŞ - KİŞİSEL İSİM | |
| Kişisel Ad | Yorulmaz, Enver |
| 245 ## - BAŞLIK TABLOSU | |
| Başlık | Ne yamandır Diyarbaır elleri |
| Sorumluluk Tablosu, Vb | Enver Yorulmaz |
| 260 ## - YAYIN, DAĞITIM, VB | |
| Yayın, Dağıtım, Vb Yeri | Ankara |
| Yayın, Dağıtım, Vb Tarihi | 1998 |
| Üretici Firma | Doğuş Matbaacılık |
| 300 ## - FİZİKSEL TANIM | |
| Kapsam | 206 s. |
| Boyutlar | 20 sm. |
| 651 ## - KONU KATMA GİRİŞ - COĞRAFİ ADI | |
| Coğrafi İsim | Diyarbakır |
| Genel Alt Bölümü | Kültür ve sanat |
| 651 ## - KONU KATMA GİRİŞ - COĞRAFİ ADI | |
| Coğrafi İsim | Diyarbakır |
| Genel Alt Bölümü | Tarih |
| 651 ## - KONU KATMA GİRİŞ - COĞRAFİ ADI | |
| Coğrafi İsim | Diyarbakır |
| Genel Alt Bölümü | Tanıtım |
| 942 ## - EKLENDİ GİRİŞ ELEMANLARI (KOHA) | |
| Sınıflandırma Veya Raf Düzeni Kaynak | Dewey Decimal Classification |
| Koha Öğesi Türü | Books |
| 999 ## - SİSTEM KONTROL NUMARALARI (KOHA) | |
| Koha Biblionumber | 2238 |
| Koha Biblioitemnumber | 2238 |
| Kalıcı Konum | Mevcut Konum | Edinme Tarihi | Edinim Kaynak | Toplam Check-Out'Lar | Tam Çağrı Numarası | Barkod | Tarih Son Görülme | İtibaren Geçerli Fiyatlar | Koha Öğesi Türü |
|---|---|---|---|---|---|---|---|---|---|
| CHP Kütüphanesi | CHP Kütüphanesi | 11/15/2016 | Bağış | 956.6 Y66 1998 | 009469 | 11/15/2016 | 11/15/2016 | Books |
